Robert Lowell's poems (Record no. 70)

MARC details
000 -LEADER
fixed length control field 00777 am a2200289 x 4500
001 - CONTROL NUMBER
control field 2175374
003 - CONTROL NUMBER IDENTIFIER
control field OSt
005 - DATE AND TIME OF LATEST TRANSACTION
control field 20200421093818.0
008 - FIXED-LENGTH DATA ELEMENTS--GENERAL INFORMATION
fixed length control field 740607s1974 enk w 0011p eng b
015 ## - NATIONAL BIBLIOGRAPHY NUMBER
National bibliography number B7414332
020 ## - INTERNATIONAL STANDARD BOOK NUMBER
International Standard Book Number 0571105947
020 00 - INTERNATIONAL STANDARD BOOK NUMBER
International Standard Book Number 0571101828
Terms of availability v
040 ## - CATALOGING SOURCE
Transcribing agency xxx
082 00 - DEWEY DECIMAL CLASSIFICATION NUMBER
Classification number 811/.52
Edition information 19
100 10 - MAIN ENTRY--PERSONAL NAME
Personal name Lowell, Robert,
Dates associated with a name 1917-1977.
9 (RLIN) 48
245 00 - TITLE STATEMENT
Title Robert Lowell's poems
Remainder of title a selection
Statement of responsibility, etc. edited with an introduction and notes by Jonathan Raban
260 ## - PUBLICATION, DISTRIBUTION, ETC.
Place of publication, distribution, etc. London
Name of publisher, distributor, etc. Faber
Date of publication, distribution, etc. 1974
300 ## - PHYSICAL DESCRIPTION
Extent 3-192p
Dimensions 21cm
350 00 - PRICE (NR) (BK AM CF MU VM SE) [OBSOLETE]
Price £3.25
504 00 - BIBLIOGRAPHY, ETC. NOTE
Bibliography, etc. note Includes index
511 00 - PARTICIPANT OR PERFORMER NOTE
Participant or performer note ISBN 0-571-10182-8 Pbk: £1.10
650 #0 - SUBJECT ADDED ENTRY--TOPICAL TERM
Topical term or geographic name entry element American poetry.
9 (RLIN) 49
700 11 - ADDED ENTRY--PERSONAL NAME
Personal name Raban, Jonathan,
Dates associated with a name 1942-
9 (RLIN) 50
942 ## - ADDED ENTRY ELEMENTS (KOHA)
Source of classification or shelving scheme Dewey Decimal Classification
Koha item type Books
956 ## - LOCAL ELECTRONIC LOCATION AND ACCESS (OCLC)
Host name NLS
Holdings
Withdrawn status Lost status Damaged status Not for loan Collection Home library Current library Shelving location Date acquired Barcode Date last seen Price effective from Koha item type
        Reference Midway Midway General stacks 09/04/2014 39999000002874 09/04/2014 09/04/2014 Books
        Reference Midway Midway General stacks 09/04/2014 39999000002898 09/04/2014 09/04/2014 Books
        Reference Midway Midway General stacks 09/04/2014 39999000002911 09/04/2014 09/04/2014 Books